Cámaras intrépidas /

Documental en homenaje a los cinefotógrafos y camarógrafos de televisión y video que arriesgan su propia vida en aras de captar imágenes del mundo animal, describir un ambiente inhóspito o transmitir las noticias de un combate bélico.

Uloženo v:
Podrobná bibliografie
Hlavní autor: Clark, David (prod.)
Další autoři: Bangert, Chuck (fotógrafo) (fotógrafo), Breashears, Dave (fotógrafo) (fotógrafo), Elfstrom, Robert (fotógrafo) (fotógrafo), Karns, Fred (música) (música)
Médium: Video
Jazyk:španělština
Vydáno: EUA : México : National Geographic Society ; Distrimax [dist.], 2001, c1990
Edice:(National Geographic Video)
Témata:
Tagy: Přidat tag
Žádné tagy, Buďte první, kdo vytvoří štítek k tomuto záznamu!

MARC

LEADER 00000ngm^a2200000^a^4500
001 000136154
005 20250521000000.0
009 20260310095308.425
037 |a Acervo ITESO - Biblioteca 
041 |a ESP 
082 |a 302. 23509  |b CLA 
100 |a Clark, David  |e (prod.) 
245 1 0 |a Cámaras intrépidas /  |c Prod. de D. Clark. 
264 4 |a EUA :  |b National Geographic Society ;  |a México :  |b Distrimax [dist.],  |c 2001, c1990 
300 |a 1 videocasete VHS  |c (49 min.) 
336 |a imagen móvil bidimensional  |b tdi  |2 rdacontenido 
337 |a video  |b v  |2 rdamedio 
338 |a videocasete  |b vf  |2 rdasoporte 
440 1 |a (National Geographic Video) 
500 |a Traducción de: Cameramen Who Dared 
520 |a Documental en homenaje a los cinefotógrafos y camarógrafos de televisión y video que arriesgan su propia vida en aras de captar imágenes del mundo animal, describir un ambiente inhóspito o transmitir las noticias de un combate bélico. 
546 |a Doblaje al español 
649 |a XX 
650 |a Fotógrafos 
650 |a Exploradores y Viajeros 
650 |a Corresponsales de Guerra 
650 |a Fotografía de Animales 
650 |a Fotografía de la Naturaleza 
650 |a Fotografía Submarina 
650 |a Fotografía Cinematográfica 
650 |a Fotografía Científica 
650 |a Medios Audiovisuales 
650 |a Medios de Comunicación 
650 |a Comunicación Visual 
650 |a Comunicación Masiva 
700 |a Bangert, Chuck  |e (fotógrafo) 
700 |a Breashears, Dave  |e (fotógrafo) 
700 |a Elfstrom, Robert  |e (fotógrafo) 
700 |a Karns, Fred  |e (música) 
910 |a Fondo General 
920 |a Audiovisuales - Videocasetes 
905 |a 301 
901 |a 0500061742  |b IT2  |c VIS  |u 20250521 
902 |a https://opac.biblio.iteso.mx/vufind/Record/000136154